000 00802nam a2200313 a 4500
003 AR-BaBNM
005 20251128204816.0
008 082120s2002 ||||||||||||||000 | spa||
020 _a950-43-6491-8
040 _cAR-BaBNM
100 1 _aGarbarini Islas, Guillermo
245 0 0 _aViento de afuera
_bcuentos veinticinqueños
250 _a1ª ed.
260 _aBuenos Aires
_bGuillermo Garbarini Islas
_c1995
300 _a157 p.
500 _aPrólogo de Gustavo E. Pinard
650 4 _aLITERATURA ARGENTINA
650 4 _aCUENTOS
650 4 _aCOSTUMBRES Y TRADICIONES
650 4 _aPATRIA
650 4 _aIDENTIDAD
650 4 _aLITERATURA DE FICCION
650 4 _aCAMPO
650 4 _aPAISAJE
650 4 _aZONAS RURALES
655 _aLITERATURA
942 _cBK
998 _cGLORIA
999 _c8913
_d8913